000 00465nam a22001697a 4500
003 MPLRDC
005 20220104142642.0
008 210129b ||||| |||| 00| 0 eng d
082 _a868.71 FX-2 v.6
100 _a方修编
245 _a马华文学作品选. 六
_c
250 _a一版二刷
260 _a马来西亚
_b马来西亚华校董事联合会总会(董总)
_c1995
300 _b255
650 _a马华文学--小说
942 _cBK
_o868.71 FX-2 v.6
999 _c32607
_d32597